00362 a2200145 4500003000400000005001700004008004100021020001800062040000900080082001800089100001500107245005200122260003300174300000900207OSt20240206131730.0231102b |||||||| |||| 00| 0 eng d a9789380081830 coclc a954.83bALI/M aAli, Ameer aMarx Mavo Malabar : bOrmakurippukal /Ameer Ali aKerala:bOther Books,c2020. a303p